Movies Quiz

Random Movies or Clickable Quiz

The Boys (First & Last Name Match Up) Quiz Stats

 Plays Quiz not verified by Sporcle

Score 0/100 Timer 10:00
0 Plays Today
% Correct
Pauley
80%
Ashby
80%
Gaskarth
80%
Biersack
60%
Irwin
60%
Carlile
60%
Bokan
60%
Bruce
60%
Joe Armstrong
60%
Motionless
60%
Mabbitt
60%
Worsnop
60%
Way
60%
Lambert
40%
Purdy
40%
Jovi
40%
Urie
40%
Shomo
40%
Hood
40%
Taylor
40%
Owens
40%
Vanity
40%
Suicide
40%
Stoff
40%
Iero
40%
Simmons
40%
Moody
40%
Cooper
40%
Barakat
40%
Preciado
40%
Elmakias
20%
Rebollo
20%
Lopez
20%
Overworld
20%
% Correct
Lay
20%
Balz
20%
Agra
20%
Starzzzz
20%
Liddell
20%
Kowal
20%
Fizzy
20%
Barham
20%
Fowler
20%
Vincent
20%
Vex
0%
Venturella
0%
Foxx
0%
Garcia
0%
De Leon
0%
Salazar
0%
Glass
0%
Sepe
0%
DelGrosso
0%
Barro
0%
Kile
0%
Lockwood
0%
Mullins
0%
Pettitt
0%
Ashley
0%
Alexander
0%
Von Dehl
0%
Logan Dales
0%
Weaver
0%
White
0%
Navarro
0%
Snedecor
0%
Mora
0%
Conley
0%
% Correct
Brewington
0%
Fehn
0%
Garza
0%
Hollywood
0%
Kael
0%
Khaos
0%
Elder
0%
Jones
0%
Jaurez
0%
Kenny
0%
Murillo
0%
Shapiro
0%
Stephens
0%
Schmitt
0%
Sanders
0%
Jones
0%
Oliver
0%
Black
0%
Davidson
0%
Alvarez
0%
Hermida
0%
Gruenberg
0%
Sky
0%
Choi
0%
Armenta
0%
Garland
0%
Sil
0%
Ragan
0%
Sola
0%
Monster
0%
Richter
0%
La Quey
0%

You're not logged in!

Compare scores with friends on all Sporcle quizzes.
OR
Log In

Show Comments

Extras

Created Aug 18, 2015ReportNominate
Tags:Clickable Quiz, boy, last

Top Quizzes Today


Score Distribution

Your Account Isn't Verified!

In order to create a playlist on Sporcle, you need to verify the email address you used during registration. Go to your Sporcle Settings to finish the process.

Report this User

Report this user for behavior that violates our Community Guidelines.

Details: